00417cam a22001097a 4500008003800000082001800038245007900056260005900135500003200194650002900226700005200255180718b-- xxu||||| |||| 00| 0 eng d aL906x5411 COM aReport of the Comptroller and Auditor General of India, Assam (Commercial) aGuwahatibComptroller and Auditor General of Indiac-- aLibrary has 1993/94-2009/10 aAuditing - India - Assam aAssam. Comptroller and Auditor General of India